|
|
|
|
| LEADER |
00000nam a2200000 a 4500 |
| 001 |
vtls001483386 |
| 003 |
SK-MaSNL |
| 005 |
20260301015135.0 |
| 008 |
251113s2003 US 0 eng |
| 020 |
|
|
|a 0631212418
|
| 035 |
|
|
|a SNK000438681
|
| 040 |
|
|
|a SNK
|b slo
|c SNK
|e AACR2
|
| 044 |
|
|
|a US
|
| 072 |
|
7 |
|a 316.7
|2 konspekt
|
| 072 |
|
7 |
|a 27
|x Kresťanstvo. Kresťanská cirkev všeobecne. Ekleziológia
|2 konspekt
|
| 072 |
|
7 |
|a Sociológia kultúry. Kultúrny život
|2 konspekt
|
| 080 |
|
|
|a 316.72:2
|2 1981
|
| 080 |
|
|
|a 316.74
|2 1981
|
| 080 |
|
|
|a 2-67
|2 1981
|
| 080 |
|
|
|a (048.8)
|2 1981
|
| 245 |
1 |
4 |
|a The Blackwell companion to sociology of religion
|c edited by Richard K. Fenn
|
| 250 |
|
|
|a 1st publ.
|
| 260 |
|
|
|a Malden
|b Blackwell Publishing
|c 2003
|
| 300 |
|
|
|a xx, 485 s.
|c 25 cm
|
| 490 |
1 |
|
|a Blackwell companions to religion
|
| 650 |
0 |
7 |
|a sociológia náboženstva
|2 SNK
|9 1015
|
| 650 |
0 |
7 |
|a náboženstvo a spoločnosť
|2 SNK
|9 4228
|
| 650 |
0 |
7 |
|a kultúra a náboženstvo
|2 SNK
|9 4353
|
| 655 |
|
7 |
|a príručky
|2 SNK
|9 74364
|
| 655 |
|
7 |
|a štúdie
|2 SNK
|9 57033
|
| 700 |
1 |
|
|a Fenn, Richard K.
|4 zos
|9 304501
|
| 830 |
|
0 |
|a Blackwell companions to religion
|9 304502
|
| 919 |
|
|
|a 0-631-21241-8
|
| 999 |
|
|
|c 560149
|d 562079
|
| 952 |
|
|
|t snkFEN 316.74:2
|a SNKUST
|b SNKUST
|y PREZ
|7 0
|p 17A0443536
|o snkIC 131726
|i snkK 773/2004
|g 49.59
|0 0
|1 0
|4 0
|d 2004-10-12
|l 0
|r 2025-04-29 00:00:00
|w 2026-02-23
|